Aktuální problémy právní úpravy cestovního ruchu v Polsku se zaměřením na průvodce

Predstavenie právnej úpravy povolania sprievodcu cestovného ruchu v Poľsku na pozadí aktuálnych problémov právnej úpravy cestovného ruchu. Zvláštny dôraz sa kladie na regulované povolanie horského sprievodcu vo vzťahu k platnej legislatíve a požiadavkám trhu cestovného ruchu.

Na minha lista:
Detalhes bibliográficos
Autor principal: Gryszel, Piotr
Formato: Capítulo de Livro
Idioma:tcheco
Assuntos:
Tags: Adicionar Tag
Sem tags, seja o primeiro a adicionar uma tag!

MARC

LEADER 00000naa a2200000 4500
001 0304594
005 20241014143538.8
041 0 |a cze 
044 |a CZ 
245 1 0 |a Aktuální problémy právní úpravy cestovního ruchu v Polsku se zaměřením na průvodce  |c Piotr Gryszel 
520 |a Predstavenie právnej úpravy povolania sprievodcu cestovného ruchu v Poľsku na pozadí aktuálnych problémov právnej úpravy cestovného ruchu. Zvláštny dôraz sa kladie na regulované povolanie horského sprievodcu vo vzťahu k platnej legislatíve a požiadavkám trhu cestovného ruchu. 
610 2 0 |a sprievodcovia 
610 2 0 |a ochrana spotrebiteľa 
610 2 0 |a úpravy právne 
610 2 0 |a ruch cestovný 
610 2 0 |a Poľsko 
100 1 |a Gryszel, Piotr